• 首页
  • 本馆介绍
  • 公告通知
  • 最新文献
  • 馆藏检索
  • 电子资源
  • 读者导购
  • 参考咨询
  • 我的图书馆
  • 登录
  • 详细信息显示
  • 放入我的书架
  • 预约/预借图书
  • 作者相关作品
  • 分类相关作品
  • 丛书相关作品
  • 出版社相关作品

书目信息

  • 表格格式
  • 工作单格式
  • 卡片格式
题名:
线代数方程组的计算机解法
    
 
作者: 莫勒 , Moler , 福赛思 , Forsythe 著 ;徐树荣 译
分册:  
出版信息: 北京   科学出版社  1979
页数: 143页
开本: 19cm
丛书名:
单 册:
中图分类: O241.6
科图分类:
主题词: 线性方程-方程组-计算方法 , 方程组-线性方程-计算方法 , 计算方法-方程组-线性方程
电子资源:
ISBN:
000 01030nam0 2200313 45
001 0179001480
005 20060817153154.92
010    @dCNY0.50
091    @aCN@b13031.1112
100    @a19950726d1979 em y0chiy0121 ea
101 1  @achi@ceng
102    @aCN@b110000
105    @ay z 000yy
200 10 @a线代数方程组的计算机解法@Axian dai shu fang cheng zu de ji suan ji jie fa@f(美)福赛思(G.E.Forsythe),(美)莫勒(C.B.Moler)著@g徐树荣译
210    @a北京@c科学出版社@d1979
215    @a143页@d19cm
300    @a书名原文:Computer solution of linear algebraic systems
510 1  @aComputer solution of linear algebraic systems@zeng
606    @a线性方程-方程组-计算方法
606    @a方程组-线性方程-计算方法
606    @a计算方法-方程组-线性方程
690    @aO241.6@v3
701  1 @a莫勒@Amo le@bC.B.@4著
701 A1 @aMoler@bC.B.@4著
701  1 @a福赛思@Afu sai si@bG.E.@4著
701 A1 @aForsythe@bG.E.@4著
702  0 @a徐树荣@Axu shu rong@4译
801  0 @aCN@bTSSF@c20060817
905    @a10447@dO241.6@e118
    
    线代数方程组的计算机解法/(美)福赛思(G.E.Forsythe),(美)莫勒(C.B.Moler)著/徐树荣译.-北京:科学出版社,1979
    143页;19cm
    书名原文:Computer solution of linear algebraic systems
    
    ISBN :CNY0.50
    
●
相关链接 在E读中查询图书 在五车中查询图书 在当当中查询图书 在豆瓣中查询图书


正题名:线代数方程组的计算机解法     索取号:O241.6/118         预约/预借

序号 登录号 条形码 馆藏地/架位号 状态 备注
1 0431891   204318915   密集书库/ [索取号:O241.6/118] 在馆    
2 0468453   204684537   密集书库/ [索取号:O241.6/118] 在馆    
唐山师范学院图书馆 欢迎您!
大连网信软件有限公司© 版权所有